| 000 | 00725cab a2200229 4500 | ||
|---|---|---|---|
| 001 | WB3502-07 | ||
| 008 | 090401t1999 xxu||||| |||| 00| 0 eng d | ||
| 035 | _a(Sirsi) u90657 | ||
| 041 | _aeng | ||
| 245 | _aPutting Birmingham on retail map | ||
| 260 | _c1999 | ||
| 350 | _a0 | ||
| 490 |
_aSunday Business _v10 January 1999, 8(2) |
||
| 520 | _aLand Securities` plans to develop the Martineau Galleries and Hammerson`s scheme for the Bull Ring would make Birmingham an important retail centre. Plan. | ||
| 650 | _aBIRMINGHAM | ||
| 650 | _aBULL RING | ||
| 650 | _aMARTINEAU GALLERIES | ||
| 650 | _aRETAIL DEVELOPMENT | ||
| 690 | _aPROPERTY-COMMERCIAL PROPERTY-RETAIL PROPERTY | ||
| 942 | _n0 | ||
| 948 | _c12/01/1999 | ||
| 999 |
_c57483 _d57483 |
||